<?xml version="1.0" encoding="UTF-8"?>
<record
    xmlns:xsi="http://www.w3.org/2001/XMLSchema-instance"
    xsi:schemaLocation="http://www.loc.gov/MARC21/slim http://www.loc.gov/standards/marcxml/schema/MARC21slim.xsd"
    xmlns="http://www.loc.gov/MARC21/slim">

  <leader>02469mam a2200361 a 4500</leader>
  <controlfield tag="001">2329618</controlfield>
  <controlfield tag="005">20220326193309.0</controlfield>
  <controlfield tag="008">990416s1998    sp            000 0 eng d</controlfield>
  <datafield tag="020" ind1=" " ind2=" ">
    <subfield code="a">8448218574</subfield>
  </datafield>
  <datafield tag="035" ind1=" " ind2=" ">
    <subfield code="a">(OCoLC)ocm41181457</subfield>
  </datafield>
  <datafield tag="035" ind1=" " ind2=" ">
    <subfield code="a">(NNC)2329618</subfield>
  </datafield>
  <datafield tag="040" ind1=" " ind2=" ">
    <subfield code="a">CUS</subfield>
    <subfield code="c">CUS</subfield>
    <subfield code="d">PL#</subfield>
    <subfield code="d">NNC</subfield>
  </datafield>
  <datafield tag="041" ind1="0" ind2=" ">
    <subfield code="a">engspa</subfield>
  </datafield>
  <datafield tag="082" ind1=" " ind2=" ">
    <subfield code="a">708</subfield>
    <subfield code="b">A161b</subfield>
  </datafield>
  <datafield tag="090" ind1=" " ind2=" ">
    <subfield code="a">N7253.A27</subfield>
    <subfield code="b">A4 1998</subfield>
  </datafield>
  <datafield tag="100" ind1="1" ind2=" ">
    <subfield code="a">Abramovi&#x107;, Marina.</subfield>
    <subfield code="9">1940</subfield>
  </datafield>
  <datafield tag="245" ind1="1" ind2="4">
    <subfield code="a">The bridge =</subfield>
    <subfield code="b">El puente : Marina Abramovi&#x107;, exposici&#xF3;n retrospectiva /</subfield>
    <subfield code="c">[textos/texts, Pablo J. Rico, Marina Abramovi&#x107;, Thomas Wulffen].</subfield>
  </datafield>
  <datafield tag="246" ind1="3" ind2="1">
    <subfield code="a">Puente</subfield>
  </datafield>
  <datafield tag="246" ind1="3" ind2="0">
    <subfield code="a">Marina Abramovi&#x107;</subfield>
  </datafield>
  <datafield tag="260" ind1=" " ind2=" ">
    <subfield code="a">Valencia :</subfield>
    <subfield code="b">Editado por/published by Consorci de Museus de la Comunitat Valenciana ;</subfield>
    <subfield code="a">Milano :</subfield>
    <subfield code="b">Distribuci&#xF3;n internacional/International distribution, Charta,</subfield>
    <subfield code="c">c1998.</subfield>
  </datafield>
  <datafield tag="300" ind1=" " ind2=" ">
    <subfield code="a">269 p. :</subfield>
    <subfield code="b">ill. (some col.) ;</subfield>
    <subfield code="c">25 cm.</subfield>
  </datafield>
  <datafield tag="500" ind1=" " ind2=" ">
    <subfield code="a">"The Hunt / La Caza," Sala La Gallera, Valencia, 16.VI-14.VIII/1998; "Biography / Biograf&#xED;a," Teatro Rialto, Valencia, 18.VI. 1998; "Artist Body Public Body / Cuerpo Artistico - Cuerpo P&#xFA;blico," Lonja del Pescado, Alicante, 20.VI-27.VI/1998; "Video-anthology of Performances with Ulay / Video-antolog&#xED;a de Performances con Ulay," Filmoteca de la Generalitat Valenciana, 17-18.VI. 1998."</subfield>
  </datafield>
  <datafield tag="500" ind1=" " ind2=" ">
    <subfield code="a">Published to coincide with the exhibitions by Marina Abramovi&#x107; in Valencia and Alicante during the summer of 1998, containing works from 1972-1998.</subfield>
  </datafield>
  <datafield tag="505" ind1=" " ind2=" ">
    <subfield code="t">Presentaciones</subfield>
    <subfield code="t">Marina Abramovic: "the Bridge"  the representation of a story in permanent transition </subfield>
    <subfield code="r">Pablo J. Rico</subfield>
    <subfield code="t">The bridge</subfield>
    <subfield code="t">On bridge, travelling, mirror and silence.. In Amsterdam. Interview with Marina Abramovic (April, 1998) </subfield>
    <subfield code="t">works 1970 - 1998 </subfield>
    <subfield code="t">Transitory objects </subfield>
    <subfield code="t">Objects for human use </subfield>
    <subfield code="t">Objects for non-human use </subfield>
    <subfield code="t">Power objects </subfield>
    <subfield code="t">Objects </subfield>
    <subfield code="t">Photo Works </subfield>
    <subfield code="t">Performance edition 1970-75</subfield>
    <subfield code="t">polaroid works With Ulay</subfield>
    <subfield code="t">china editions </subfield>
    <subfield code="t">Video Installations </subfield>
    <subfield code="t">Works in progress-the Biography</subfield>
    <subfield code="r">Pablo J. Rico</subfield>
    <subfield code="t">Thoughts on Marina Abramovic "biography "</subfield>
    <subfield code="r">Thomas Wulffen </subfield>
    <subfield code="t">The Biography</subfield>
    <subfield code="t">spirit cooking </subfield>
    <subfield code="t">the hunt </subfield>
    <subfield code="t">Biography</subfield>
    <subfield code="t">artist body- public body</subfield>
    <subfield code="r">Marina Abramovic</subfield>
  </datafield>
  <datafield tag="546" ind1=" " ind2=" ">
    <subfield code="a">Text in English and Spanish.</subfield>
  </datafield>
  <datafield tag="600" ind1="1" ind2="0">
    <subfield code="a">Abramovi&#x107;, Marina</subfield>
    <subfield code="v">Exhibitions.</subfield>
    <subfield code="9">1941</subfield>
  </datafield>
  <datafield tag="600" ind1="1" ind2="0">
    <subfield code="a">Abramovi&#x107;, Marina</subfield>
    <subfield code="v">Interviews.</subfield>
    <subfield code="9">1942</subfield>
  </datafield>
  <datafield tag="650" ind1=" " ind2="0">
    <subfield code="a">Installations (Art)</subfield>
    <subfield code="z">Spain.</subfield>
    <subfield code="9">1943</subfield>
  </datafield>
  <datafield tag="653" ind1=" " ind2=" ">
    <subfield code="a">Abramovic, Marina</subfield>
    <subfield code="a">Exposiciones.</subfield>
  </datafield>
  <datafield tag="700" ind1="1" ind2=" ">
    <subfield code="a">Rico Lacasa, Pablo J.</subfield>
    <subfield code="9">1944</subfield>
  </datafield>
  <datafield tag="700" ind1="1" ind2=" ">
    <subfield code="a">Wulffen, Thomas.</subfield>
    <subfield code="9">1945</subfield>
  </datafield>
  <datafield tag="999" ind1=" " ind2=" ">
    <subfield code="c">405</subfield>
    <subfield code="d">405</subfield>
  </datafield>
  <datafield tag="952" ind1=" " ind2=" ">
    <subfield code="0">0</subfield>
    <subfield code="1">0</subfield>
    <subfield code="2">ddc</subfield>
    <subfield code="4">0</subfield>
    <subfield code="7">0</subfield>
    <subfield code="a">LV</subfield>
    <subfield code="b">LV</subfield>
    <subfield code="c">Monograf&#xED;as</subfield>
    <subfield code="d">2015-01-17</subfield>
    <subfield code="l">0</subfield>
    <subfield code="o">708 A161b</subfield>
    <subfield code="p">000587</subfield>
    <subfield code="r">2015-01-17 00:00:00</subfield>
    <subfield code="w">2015-01-17</subfield>
    <subfield code="y">01</subfield>
  </datafield>
</record>
